000 01336cam a22004334i 4500
003 PE-LiUPU
005 20250731172913.0
008 150617s r 000 0 d
035 _a(Sirsi) a16953
040 _aPE-LiUPU
_bspa
_cPE-LiUPU
_erda
049 _aPRUA
082 0 4 _a282
_bL62
_221
100 1 _aLimk, O.,
_eautor.
245 1 1 _a[Curiosidades acerca de los padres apostólicos y otros personajes católicos] /
_cO. Limk.
264 1 _aBuenos Aires :
_b(Tip. La Editorial),
_c1906.
300 _a684 páginas ;
_c24 centímetros.
336 _atext
_2rdacontent
337 _aunmediated
_2rdamedia
338 _avolume
_2rdacarrier
500 _aNo presenta portada ni datos de cubierta.
505 0 _aCuriosidades acerca de los padres aposólicos y otros personajes católicos.
526 _aSEG42
526 _aSEG41
526 _aSEG40
526 _aSEG39
526 _aP94
526 _aP87
526 _aP86
526 _aP85
526 _aP77
526 _aP76
526 _aP35
650 1 4 _aPadres de la iglesia
_vMiscelánea.
910 _ajck
942 _2ddc
_cBK
949 _a282 L62
_wDEWEY
_c1
_i06602
_lCCODEBUL1
_mBUL
_p00.00
_r0
_sY
_tBOOK
_u2015-04-21
_xTEOLOGIA
_0COMPRA
_o.STAFF. Colección General
999 _c16478
_d16478
980 _81
_gALBERTO SANCHEZ Responsable de Automatización